Lucky in the water / (Record no. 112606)
[ view plain ]
| 000 -LEADER | |
|---|---|
| fixed length control field | 00532nam a2200193 a 4500 |
| 001 - CONTROL NUMBER | |
| control field | 0308 |
| 005 - DATE AND TIME OF LATEST TRANSACTION | |
| control field | 20140414131941.0 |
| 008 - FIXED-LENGTH DATA ELEMENTS--GENERAL INFORMATION | |
| fixed length control field | 040909s19uu xx 00 eng d |
| 020 ## - INTERNATIONAL STANDARD BOOK NUMBER | |
| International Standard Book Number | 1-86504-136-X |
| 050 ## - LIBRARY OF CONGRESS CALL NUMBER | |
| Classification number | TR 372.5 |
| Item number | L96 1999 |
| 245 ## - TITLE STATEMENT | |
| Title | Lucky in the water / |
| Statement of responsibility, etc | illustrated by David Stanley. |
| 260 ## - PUBLICATION, DISTRIBUTION, ETC. (IMPRINT) | |
| Place of publication, distribution, etc | Australia : |
| Name of publisher, distributor, etc | Scholastic Australia, |
| Date of publication, distribution, etc | 1999. |
| 300 ## - PHYSICAL DESCRIPTION | |
| Extent | 32 p. : ill. ; cm . |
| 650 ## - SUBJECT ADDED ENTRY--TOPICAL TERM | |
| Topical term or geographic name as entry element | Creative activities |
| General subdivision | juvenile literature. |
| Withdrawn status | Lost status | Damaged status | Use restrictions | Home library | Current library | Shelving location | Date acquired | Source of acquisition | Total Checkouts | Full call number | Barcode | Date last seen | Price effective from | Koha item type |
|---|---|---|---|---|---|---|---|---|---|---|---|---|---|---|
| Munich Library | Munich Library | Teachers Reference Section | 09/09/2004 | TR 372.5 L96 1999 | M3953 | 04/14/2014 | 04/14/2014 | Books | ||||||
| Munich Library | Munich Library | Teachers Reference Section | 09/09/2004 | TR 372.5 L96 1999 | M3952 | 04/14/2014 | 04/14/2014 | Books | ||||||
| Munich Library | Munich Library | Teachers Reference Section | 09/09/2004 | TR 372.5 L96 1999 | M3951 | 04/14/2014 | 04/14/2014 | Books | ||||||
| Munich Library | Munich Library | Teachers Reference Section | 09/10/2004 | TR 372.5 L96 1999 | M3950 | 04/14/2014 | 04/14/2014 | Books |